000 00629cab a2200229 4500
001 X400
008 090401t1993 xxu||||| |||| 00| 0 eng d
035 _a(Sirsi) u65426
041 _aeng
245 _aInsurance and contamination
260 _c1993
350 _a0
490 _aCS Monthly : Rural Practice
_v2(4) January 1993, 14(1)
650 _aContamination
_96231
650 _aPOLLUTION
650 _aPROFESSIONAL INDEMNITY INSURANCE
650 _aRICS INSURANE SERVICES LTD
690 _aINSURANCE
_96249
690 _aMANAGEMENT-BUSINESS MANAGEMENT-PROFESSIONAL PRACTICE
942 _n0
948 _c04/03/1997
999 _c40795
_d40795